000 00537cam a2200217ua 4500
001 8894
005 20260515114410.0
008 150218n ii |||gr||||Z||||||asm
020 _a9789382750062
040 _cMAIN
041 _aasm
082 _a891.451
100 _aBorah, R.,
_eAuthor.
245 1 _aSamiya sahityar chaneki
_cBy Rubi Borah
250 _a1st.
260 _aDibrugarh:
_bBanalata,
_c2013.
300 _a124p.
653 _aEast Indo-European & Celtic literatures
700 _aGoswami, M.,
_eAuthor.
942 _cBK
999 _c7981
_d7981